Science Quiz

Random Science or Physics Quiz

Click the Simple Machines Quiz Stats

Quiz Updated Apr 25, 2016

Challenge
Share
Tweet
Score 0/6 Timer 01:00
9 Plays Today
% Correct
Wedge
95.9%
Screw
94.8%
Pulley
94.1%
Wheel and Axle
93.4%
Inclined Plane
91.5%
Lever
89.3%

You're not logged in!

Compare scores with friends on all Sporcle quizzes.
Join for Free
OR
Log In

You Might Also Like...

Show Comments

Extras

Top Quizzes Today


Score Distribution

Your Account Isn't Verified!

In order to create a playlist on Sporcle, you need to verify the email address you used during registration. Go to your Sporcle Settings to finish the process.

Report this User

Report this user for behavior that violates our Community Guidelines.

Details: